000 00848nas a2200289 4500
001 BR2014008130
003 BR-BrBNA
005 20231205124841.0
007 ta
008 230509b bl.|||p| |||| 00| 00por d
040 _aBR-BrBNA
_bpor
_cBiblioteca Nacional de Agricultura
041 _a(En)
072 _aP01
100 1 _aDurães, M.F.
100 1 _aMello, C.R. de
245 1 _aHydrosedimentologic disturbance index applied to watersheds of Minas Gerais state
650 _aCONDIÇÃO AMBIENTAL
650 _aRECURSO HÍDRICO
650 _aSOLO
650 _aEROSÃO
650 _aSEDIMENTO
650 _aMEIO AMBIENTE
650 _aMAPA
773 0 _tCiência e Agrotecnologia (Brazil)
_xISSN 1413-7054
_g(Jan-Feb 2014), v. 38(1) p. 61-67
_wBR2014008130
909 _a202311
_bLúcia
_c55
_dLúcia Elande
942 _2AGRIS
_n0
_cANA
999 _c241231
_d241231